000 00321nam a2200121Ia 4500
008 220204s9999 xx 000 0 und d
082 _a621.317
_bGOT
100 _aGottlieb, Irving
245 0 _aBasic electronic test procedures
260 _aEngland
_bFoulsham tab
_c1973
650 _aElectrical measurement
942 _cBK
999 _c23060
_d23060